=LDR 00000nam 2200000 4500 =001 INLIS000000000049419 =005 20200318111014 =035 ##$$a 0010-021700000000211 =008 200318###########################0###### =020 ##$$a 978-602-74024-3-0 =040 ##$$a NBPDMAT =082 ##$$a 297.712 =090 ##$$a 297.712 Fir d =100 ##$$a Naili Rahmawati =245 1#$$a Manajemen investasi syariah /$c Naili Rahmawati, M.Ag ; editor Muhammad Yusup, M.Si =260 ##$$a Mataram :$b IAIN mataram,$c 2015 =300 ##$$a ix, 186 hlm . ; $c 23 cm =500 ##$$a Bibliografi : hlm .181-186 =650 #4$$a EKONOMI =700 #$$a Muhammad Yusup =084 ##$$a 297.712 NAI m =990 ##$$a 21603945 =990 ##$$a 21603946 =990 ##$$a 21603947 =990 ##$$a 21603948 =990 ##$$a 21603949 =990 ##$$a 029/46/2017 =990 ##$$a 21603946 =990 ##$$a 21603947 =990 ##$$a 21603948 =990 ##$$a 21603949 =990 ##$$a 029/46/2017 =990 ##$$a 029/46/2017 =990 ##$$a 21603947 =990 ##$$a 21603948 =990 ##$$a 21603949 =990 ##$$a 029/46/2017 =990 ##$$a 029/46/2017 =990 ##$$a 029/46/2017 =990 ##$$a 21603948 =990 ##$$a 21603949 =990 ##$$a 029/46/2017 =990 ##$$a 029/46/2017 =990 ##$$a 029/46/2017 =990 ##$$a 029/46/2017 =990 ##$$a 21603949 =990 ##$$a 029/46/2017 =990 ##$$a 029/46/2017 =990 ##$$a 029/46/2017 =990 ##$$a 029/46/2017 =990 ##$$a 029/46/2017